000 00416nam a2200169Ia 4500
008 230524s9999 xx 000 0 und d
082 _a5.133
_bDAS
100 _aSanjoy Dasgupta
245 0 _aAlgorithms
250 _a1ST
260 _aNEW DELHI
_bTMH
_c2007
300 _aVII;319
500 _aQuantity Number: 10
650 _aComp-Sc
700 _a"Christos Papadimitriou , Umesh Vazirani,,,"
942 _cBK
999 _c37588
_d37588